| 000 | 00427nam a2200133Ia 4500 | ||
|---|---|---|---|
| 008 | 170221s9999 xx 000 0 und d | ||
| 100 | _aVenugopalan Thottekat | ||
| 245 | _aHOW TAX HYPOTHESIS DETERMINES DEBT MATURITY IN INDIAN CORPORATE SECTOR | ||
| 245 | _cVenugopalan Thottekat, Madhu Vij | ||
| 260 | _c2012 | ||
| 300 | _a1 : 3 | ||
| 650 | _xBusiness | ||
| 856 | _uhttp://escijournals.net/index.php/JBF/article/view/413/247 | ||
| 999 |
_c313363 _d313363 |
||